Statistics for Geographic Centers and Extreme Points of Continents

Click here to take the quiz!

General Stats

  • This quiz has been taken 60 times
  • The average score is 22 of 25

Answer Stats

Continent Answer % Correct
AsiaRussia
100%
North AmericaCanada
100%
South AmericaChile
100%
North AmericaUnited States
98%
South AmericaBrazil
98%
EuropeNorway
98%
AfricaSouth Africa
96%
South AmericaVenezuela
90%
EuropePortugal
88%
EuropeGreece
88%
AfricaTunisia
88%
AsiaChina
86%
AsiaIndonesia
86%
South AmericaEcuador
86%
AsiaTurkey
86%
AfricaCape Verde
82%
North AmericaCosta Rica
76%
AfricaMauritius
72%
AfricaCameroon
50%
EuropeLithuania
24%

Score Distribution

Percentile by Number Answered

Percent of People with Each Score

Your Score History

You have not taken this quiz